000 01222nam0a2200277 4500
001 RU\NLR\bibl\1113120
005 20250615062256.0
035 _a(NLR Aleph) 001100141
090 _a1173000
_c1173000
100 _a20070726d2004 |||y0rusy50 ca
101 0 _arus
102 _aRU
105 _aa |||||||||
200 1 _aСтратегия социальной ответственности предприятий в рыночной экономике
_fМ.С. Камзабаева
_gМ-во образования и науки Рос. Федерации, Федер. агентство по образованию, Горн.-Алт. гос. ун-т
210 _aГорно-Алтайск
_cРИО ГАГУ
_d2004
215 _a154 с.
_cил.
_d21
320 _aБиблиогр.: с. 142-154 (191 назв.)
606 1 _aПотребительская кооперация
_xПредприятия
_yРоссийская Федерация
_92468523
_3RU\NLR\auth\661466297
686 _aУ42(2)108
700 1 _aКамзабаева
_bМ. С.
_4070
801 0 _aRU
_bNLR
_c20070726
_gRCR
801 1 _aRU
_bNLR
_c20070726
830 _aАвт. не раскрыть
942 _cBOOK
980 _aNB